<?xml version="1.0" encoding="UTF-8"?>
<record
    xmlns:xsi="http://www.w3.org/2001/XMLSchema-instance"
    xsi:schemaLocation="http://www.loc.gov/MARC21/slim http://www.loc.gov/standards/marcxml/schema/MARC21slim.xsd"
    xmlns="http://www.loc.gov/MARC21/slim">

  <leader>05194namaa22004331i 4500</leader>
  <controlfield tag="003">OSt</controlfield>
  <controlfield tag="005">20260608115320.0</controlfield>
  <controlfield tag="008">250827s2024    ua a|||frm||| 000 0 eng d</controlfield>
  <datafield tag="040" ind1=" " ind2=" ">
    <subfield code="a">EG-GICUC</subfield>
    <subfield code="b">ara</subfield>
    <subfield code="c">EG-GICUC</subfield>
    <subfield code="d">EG-GICUC</subfield>
    <subfield code="e">rda</subfield>
  </datafield>
  <datafield tag="041" ind1="0" ind2=" ">
    <subfield code="a">ara</subfield>
    <subfield code="b">ara</subfield>
    <subfield code="b">eng</subfield>
  </datafield>
  <datafield tag="049" ind1=" " ind2=" ">
    <subfield code="a">&#x625;&#x64A;&#x62F;&#x627;&#x639;</subfield>
  </datafield>
  <datafield tag="082" ind1="0" ind2="4">
    <subfield code="a">739</subfield>
  </datafield>
  <datafield tag="092" ind1=" " ind2=" ">
    <subfield code="a">739</subfield>
    <subfield code="2">21</subfield>
  </datafield>
  <datafield tag="097" ind1=" " ind2=" ">
    <subfield code="a">&#x645;&#x640;&#x640;&#x640;&#x640;&#x627;&#x62C;&#x633;&#x62A;&#x64A;&#x631;</subfield>
  </datafield>
  <datafield tag="099" ind1=" " ind2=" ">
    <subfield code="a">Cai01.25.01.M.Sc.2024.&#x634;&#x627;.&#x625;</subfield>
  </datafield>
  <datafield tag="100" ind1="0" ind2=" ">
    <subfield code="a">&#x60C;&#x634;&#x627;&#x631;&#x64A;&#x647;&#x627;&#x646; &#x632;&#x647;&#x64A;&#x631; &#x639;&#x628;&#x62F; &#x627;&#x644;&#x639;&#x644;&#x64A;&#x645; &#x633;&#x644;&#x64A;&#x645;&#x627;&#x646;</subfield>
    <subfield code="e">&#x625;&#x639;&#x62F;&#x627;&#x62F;.</subfield>
  </datafield>
  <datafield tag="245" ind1="1" ind2="2">
    <subfield code="a">&#x627;&#x644;&#x625;&#x645;&#x643;&#x627;&#x646;&#x627;&#x62A; &#x627;&#x644;&#x62A;&#x634;&#x643;&#x64A;&#x644;&#x64A;&#x629; &#x644;&#x644;&#x62A;&#x648;&#x644;&#x64A;&#x641; &#x628;&#x64A;&#x646; &#x627;&#x644;&#x623;&#x633;&#x644;&#x627;&#x643; &#x648;&#x627;&#x644;&#x634;&#x631;&#x627;&#x626;&#x62D; &#x627;&#x644;&#x645;&#x639;&#x62F;&#x646;&#x64A;&#x629; &#x648;&#x62E;&#x627;&#x645;&#x627;&#x62A; &#x627;&#x644;&#x646;&#x62E;&#x64A;&#x644; &#x643;&#x645;&#x62F;&#x62E;&#x644; &#x644;&#x627;&#x633;&#x62A;&#x644;&#x647;&#x627;&#x645; &#x645;&#x634;&#x63A;&#x648;&#x644;&#x627;&#x62A; &#x645;&#x639;&#x62F;&#x646;&#x64A;&#x629; &#x644;&#x637;&#x644;&#x627;&#x628; &#x645;&#x631;&#x62D;&#x644;&#x629; &#x645;&#x627; &#x642;&#x628;&#x644; &#x627;&#x644;&#x62A;&#x639;&#x644;&#x64A;&#x645; &#x627;&#x644;&#x62C;&#x627;&#x645;&#x639;&#x64A; /</subfield>
    <subfield code="c">&#x625;&#x639;&#x62F;&#x627;&#x62F; &#x634;&#x627;&#x631;&#x64A;&#x647;&#x627;&#x646; &#x632;&#x647;&#x64A;&#x631; &#x639;&#x628;&#x62F; &#x627;&#x644;&#x639;&#x644;&#x64A;&#x645; &#x633;&#x644;&#x64A;&#x645;&#x627;&#x646;&#x61B; &#x625;&#x634;&#x631;&#x627;&#x641; &#x623;.&#x645;.&#x62F;/ &#x639;&#x644;&#x627;&#x645; &#x645;&#x62D;&#x645;&#x648;&#x62F; &#x639;&#x644;&#x627;&#x645; &#x645;&#x62D;&#x645;&#x62F;&#x60C; &#x62F;/ &#x645;&#x631;&#x648;&#x64A; &#x639;&#x628;&#x62F; &#x627;&#x644;&#x639;&#x627;&#x637;&#x64A;. </subfield>
  </datafield>
  <datafield tag="246" ind1="1" ind2="5">
    <subfield code="a">The plastic capabilities of the synthesis between wires ,metal strips ,date palm ores and their effects ,inspired by contemporary metal woke for pre university students /</subfield>
  </datafield>
  <datafield tag="264" ind1=" " ind2="0">
    <subfield code="c">2024.</subfield>
  </datafield>
  <datafield tag="300" ind1=" " ind2=" ">
    <subfield code="a">188+7 &#x635;&#x641;&#x62D;&#x629; :</subfield>
    <subfield code="b">&#x625;&#x64A;&#x636;&#x627;&#x62D;&#x64A;&#x627;&#x62A; &#x61B; </subfield>
    <subfield code="c">25 &#x633;&#x645;. + </subfield>
    <subfield code="e">CD.</subfield>
  </datafield>
  <datafield tag="336" ind1=" " ind2=" ">
    <subfield code="a">text</subfield>
    <subfield code="2">rda content</subfield>
  </datafield>
  <datafield tag="337" ind1=" " ind2=" ">
    <subfield code="a">Unmediated</subfield>
    <subfield code="2">rdamedia</subfield>
  </datafield>
  <datafield tag="338" ind1=" " ind2=" ">
    <subfield code="a">volume</subfield>
    <subfield code="2">rdacarrier</subfield>
  </datafield>
  <datafield tag="502" ind1=" " ind2=" ">
    <subfield code="a">&#x623;&#x637;&#x631;&#x648;&#x62D;&#x629; (&#x645;&#x627;&#x62C;&#x633;&#x62A;&#x64A;&#x631;)-&#x62C;&#x627;&#x645;&#x639;&#x629; &#x627;&#x644;&#x642;&#x627;&#x647;&#x631;&#x629;&#x60C; 2024. </subfield>
  </datafield>
  <datafield tag="504" ind1=" " ind2=" ">
    <subfield code="a">&#x628;&#x628;&#x644;&#x64A;&#x648;&#x62C;&#x631;&#x627;&#x641;&#x64A;&#x627;: &#x635;&#x641;&#x62D;&#x627;&#x62A; 1-7.</subfield>
  </datafield>
  <datafield tag="520" ind1=" " ind2=" ">
    <subfield code="a">&#x64A;&#x647;&#x62F;&#x641; &#x647;&#x630;&#x627; &#x627;&#x644;&#x628;&#x62D;&#x62B; &#x625;&#x644;&#x64A; " &#x627;&#x644;&#x625;&#x645;&#x643;&#x627;&#x646;&#x627;&#x62A; &#x627;&#x644;&#x62A;&#x634;&#x643;&#x64A;&#x644;&#x64A;&#x629; &#x644;&#x644;&#x62A;&#x648;&#x644;&#x64A;&#x641; &#x628;&#x64A;&#x646; &#x627;&#x644;&#x623;&#x633;&#x644;&#x627;&#x643; &#x648;&#x627;&#x644;&#x634;&#x631;&#x627;&#x626;&#x62D; &#x627;&#x644;&#x645;&#x639;&#x62F;&#x646;&#x64A;&#x629; &#x648;&#x62E;&#x627;&#x645;&#x627;&#x62A; &#x627;&#x644;&#x646;&#x62E;&#x64A;&#x644; &#x643;&#x645;&#x62F;&#x62E;&#x644; &#x644;&#x627;&#x633;&#x62A;&#x644;&#x647;&#x627;&#x645; &#x645;&#x634;&#x63A;&#x648;&#x644;&#x627;&#x62A; &#x645;&#x639;&#x62F;&#x646;&#x64A;&#x629; &#x644;&#x637;&#x644;&#x627;&#x628; &#x645;&#x631;&#x62D;&#x644;&#x629; &#x645;&#x627; &#x642;&#x628;&#x644; &#x627;&#x644;&#x62A;&#x639;&#x644;&#x64A;&#x645; &#x627;&#x644;&#x62C;&#x627;&#x645;&#x639;&#x64A; ".&#x648;&#x644;&#x642;&#x62F; &#x62A;&#x646;&#x627;&#x648;&#x644;&#x62A; &#x627;&#x644;&#x62F;&#x627;&#x631;&#x633;&#x629; &#x641;&#x64A; &#x627;&#x644;&#x641;&#x635;&#x644; &#x627;&#x644;&#x623;&#x648;&#x644; &#x645;&#x648;&#x636;&#x648;&#x639; &#x627;&#x644;&#x628;&#x62D;&#x62B; &#x648;&#x64A;&#x634;&#x62A;&#x645;&#x644; &#x639;&#x644;&#x64A; &#x645;&#x642;&#x62F;&#x645;&#x629; &#x627;&#x644;&#x628;&#x62D;&#x62B; &#x648;&#x645;&#x634;&#x643;&#x644;&#x62A;&#x647; &#x648;&#x641;&#x631;&#x648;&#x636;&#x647; &#x648;&#x623;&#x647;&#x62F;&#x627;&#x641;&#x647; &#x62B;&#x645; &#x623;&#x647;&#x645;&#x64A;&#x62A;&#x647; &#x648;&#x62D;&#x62F;&#x648;&#x62F;&#x647; &#x643;&#x645;&#x627; &#x64A;&#x62A;&#x636;&#x645;&#x646; &#x645;&#x646;&#x647;&#x62C; &#x627;&#x644;&#x628;&#x62D;&#x62B; &#x648;&#x627;&#x62C;&#x631;&#x627;&#x621;&#x627;&#x62A;&#x647; &#x648;&#x627;&#x644;&#x645;&#x635;&#x637;&#x644;&#x62D;&#x627;&#x62A; &#x648;&#x627;&#x644;&#x62F;&#x631;&#x627;&#x633;&#x627;&#x62A; &#x627;&#x644;&#x645;&#x631;&#x62A;&#x628;&#x637;&#x629; &#x628;&#x647; &#x60C;&#x643;&#x645;&#x627; &#x62A;&#x646;&#x627;&#x648;&#x644;&#x62A; &#x627;&#x644;&#x62F;&#x627;&#x631;&#x633;&#x629; &#x641;&#x64A; &#x627;&#x644;&#x641;&#x635;&#x644; &#x627;&#x644;&#x62B;&#x627;&#x646;&#x64A; &#x645;&#x641;&#x647;&#x648;&#x645; &#x627;&#x644;&#x62A;&#x648;&#x644;&#x64A;&#x641; &#x628;&#x627;&#x644;&#x62E;&#x627;&#x645;&#x627;&#x62A; &#x648;&#x62F;&#x648;&#x631; &#x627;&#x644;&#x62E;&#x627;&#x645;&#x629; &#x648;&#x623;&#x633;&#x627;&#x644;&#x64A;&#x628; &#x627;&#x644;&#x62A;&#x648;&#x644;&#x64A;&#x641; &#x641;&#x64A; &#x627;&#x644;&#x645;&#x634;&#x63A;&#x648;&#x644;&#x629; &#x627;&#x644;&#x645;&#x639;&#x62F;&#x646;&#x64A;&#x629; &#x60C;&#x628;&#x639;&#x62F; &#x630;&#x644;&#x643; &#x62A;&#x646;&#x627;&#x648;&#x644;&#x62A; &#x627;&#x644;&#x62F;&#x627;&#x631;&#x633;&#x629; &#x639;&#x631;&#x636; &#x644;&#x644;&#x62A;&#x637;&#x648;&#x631; &#x627;&#x644;&#x62A;&#x627;&#x631;&#x64A;&#x62E;&#x64A; &#x644;&#x644;&#x62A;&#x648;&#x644;&#x64A;&#x641; &#x639;&#x628;&#x631; &#x627;&#x644;&#x639;&#x635;&#x648;&#x631; &#x627;&#x644;&#x645;&#x62E;&#x62A;&#x644;&#x641;&#x629; &#x60C;&#x642;&#x627;&#x645;&#x62A; &#x627;&#x644;&#x62F;&#x627;&#x631;&#x633;&#x629; &#x641;&#x64A; &#x627;&#x644;&#x641;&#x635;&#x644; &#x627;&#x644;&#x62B;&#x627;&#x644;&#x62B; &#x628;&#x62A;&#x62D;&#x644;&#x64A;&#x644; &#x623;&#x639;&#x645;&#x627;&#x644; &#x641;&#x646;&#x64A;&#x629; &#x642;&#x627;&#x626;&#x645;&#x629; &#x639;&#x644;&#x64A; &#x62A;&#x648;&#x644;&#x64A;&#x641; &#x627;&#x644;&#x62E;&#x627;&#x645;&#x627;&#x62A; &#x648;&#x627;&#x644;&#x62A;&#x64A; &#x62A;&#x628;&#x644;&#x63A; &#x639;&#x62F;&#x62F;&#x647;&#x627; &#x62B;&#x645;&#x627;&#x646;&#x64A;&#x629; &#x639;&#x634;&#x631; &#x639;&#x645;&#x644;&#x627;&#x64B; .&#x630;&#x643;&#x631;&#x62A; &#x627;&#x644;&#x62F;&#x627;&#x631;&#x633;&#x629; &#x641;&#x64A; &#x627;&#x644;&#x641;&#x635;&#x644; &#x627;&#x644;&#x631;&#x627;&#x628;&#x639; &#x627;&#x644;&#x645;&#x645;&#x627;&#x631;&#x633;&#x627;&#x62A; &#x627;&#x644;&#x62A;&#x62C;&#x631;&#x64A;&#x628;&#x64A;&#x629; &#x639;&#x644;&#x64A; &#x627;&#x644;&#x623;&#x633;&#x644;&#x627;&#x643; &#x648;&#x627;&#x644;&#x634;&#x631;&#x627;&#x626;&#x62D; &#x627;&#x644;&#x645;&#x639;&#x62F;&#x646;&#x64A;&#x629; &#x648;&#x62E;&#x627;&#x645;&#x627;&#x62A; &#x627;&#x644;&#x646;&#x62E;&#x64A;&#x644; &#x60C;&#x648;&#x641;&#x64A; &#x627;&#x644;&#x641;&#x635;&#x644; &#x627;&#x644;&#x62E;&#x627;&#x645;&#x633; &#x642;&#x627;&#x645;&#x62A; &#x627;&#x644;&#x62F;&#x627;&#x631;&#x633;&#x629; &#x628;&#x62A;&#x62C;&#x631;&#x628;&#x629; &#x627;&#x633;&#x62A;&#x643;&#x634;&#x627;&#x641;&#x64A;&#x629; &#x648;&#x645;&#x645;&#x627;&#x631;&#x633;&#x627;&#x62A; &#x62A;&#x637;&#x628;&#x64A;&#x642;&#x64A;&#x629; &#x630;&#x627;&#x62A;&#x64A;&#x629; &#x648;&#x62A;&#x648;&#x635;&#x64A;&#x641;&#x647;&#x627; &#x648;&#x62A;&#x62D;&#x644;&#x64A;&#x644;&#x647;&#x627; &#x641;&#x646;&#x64A;&#x627;&#x64B; &#x60C;&#x628;&#x639;&#x62F; &#x630;&#x644;&#x643; &#x642;&#x627;&#x645;&#x62A; &#x627;&#x644;&#x62F;&#x627;&#x631;&#x633;&#x629; &#x628;&#x627;&#x644;&#x645;&#x645;&#x627;&#x631;&#x633;&#x627;&#x62A; &#x627;&#x644;&#x62A;&#x637;&#x628;&#x64A;&#x642;&#x64A;&#x629; &#x639;&#x644;&#x64A; &#x628;&#x639;&#x636; &#x637;&#x644;&#x627;&#x628; &#x645;&#x631;&#x62D;&#x644;&#x629; &#x645;&#x627; &#x642;&#x628;&#x644; &#x627;&#x644;&#x62A;&#x639;&#x644;&#x64A;&#x645; &#x627;&#x644;&#x62C;&#x627;&#x645;&#x639;&#x64A; ( &#x627;&#x644;&#x645;&#x631;&#x62D;&#x644;&#x629; &#x627;&#x644;&#x62B;&#x627;&#x646;&#x648;&#x64A;&#x629; ).</subfield>
  </datafield>
  <datafield tag="520" ind1=" " ind2=" ">
    <subfield code="a">This research aims at " The plastic capabilities of the synthesis between wires , metal strips , date palm ores and their effects , inspired by contemporary metal woke for pre university students."The study looked at the topic of the research in Chapter 1, which includes the introduction to the research , its problem , its imposition , its objectives , its relevance and limitations, as well as the research curriculum , procedures , terminology and related studies.In Chapter 2 ,The study also looked at the concept of synthesis of ore ,    the role of raw materials and synthesis methods in mineral occupants.Then ,The study looked at a presentation of the historical development of synthesis over different times.In Chapter 3 , the study analyzed 18 works of art based on synthesis of ore.In Chapter 4 , the study mentioned experimental practices on wire , metal slides and palm ores. In Chapter 5 ,the study conducted exploratory experimentation and self-applied practices and described and analyzed them technically. Then , the study carried out applied practices on some pre-university students ( secondary level ).</subfield>
  </datafield>
  <datafield tag="530" ind1=" " ind2=" ">
    <subfield code="a">&#x635;&#x62F;&#x631; &#x623;&#x64A;&#x636;&#x64B;&#x627; &#x643;&#x642;&#x631;&#x635; &#x645;&#x62F;&#x645;&#x62C;.</subfield>
  </datafield>
  <datafield tag="546" ind1=" " ind2=" ">
    <subfield code="a">&#x627;&#x644;&#x646;&#x635; &#x628;&#x627;&#x644;&#x639;&#x631;&#x628;&#x64A;&#x629; &#x648;&#x627;&#x644;&#x645;&#x644;&#x62E;&#x635; &#x628;&#x627;&#x644;&#x644;&#x63A;&#x629; &#x627;&#x644;&#x625;&#x646;&#x62C;&#x644;&#x64A;&#x632;&#x64A;&#x629; &#x648;&#x627;&#x644;&#x639;&#x631;&#x628;&#x64A;&#x629;.</subfield>
  </datafield>
  <datafield tag="650" ind1=" " ind2="7">
    <subfield code="a">&#x627;&#x644;&#x62A;&#x639;&#x644;&#x64A;&#x645; &#x627;&#x644;&#x645;&#x647;&#x646;&#x649;</subfield>
    <subfield code="2">qrmak</subfield>
  </datafield>
  <datafield tag="650" ind1=" " ind2="7">
    <subfield code="a">&#x627;&#x644;&#x627;&#x634;&#x63A;&#x627;&#x644; &#x627;&#x644;&#x641;&#x646;&#x64A;&#x629; &#x644;&#x644;&#x645;&#x639;&#x627;&#x62F;&#x646;</subfield>
  </datafield>
  <datafield tag="653" ind1=" " ind2="0">
    <subfield code="a">&#x627;&#x644;&#x62A;&#x648;&#x644;&#x64A;&#x641;     </subfield>
    <subfield code="a">&#x627;&#x644;&#x645;&#x634;&#x63A;&#x648;&#x644;&#x627;&#x62A; &#x627;&#x644;&#x645;&#x639;&#x62F;&#x646;&#x64A;&#x629;</subfield>
    <subfield code="a">&#x62E;&#x627;&#x645;&#x627;&#x62A; &#x627;&#x644;&#x646;&#x62E;&#x64A;&#x644;</subfield>
  </datafield>
  <datafield tag="700" ind1="0" ind2=" ">
    <subfield code="a">&#x639;&#x644;&#x627;&#x645; &#x645;&#x62D;&#x645;&#x648;&#x62F; &#x639;&#x644;&#x627;&#x645; &#x645;&#x62D;&#x645;&#x62F;</subfield>
    <subfield code="e">&#x645;&#x634;&#x631;&#x641; &#x623;&#x637;&#x631;&#x648;&#x62D;&#x629;.</subfield>
  </datafield>
  <datafield tag="700" ind1="0" ind2=" ">
    <subfield code="a">&#x645;&#x631;&#x648;&#x64A; &#x639;&#x628;&#x62F; &#x627;&#x644;&#x639;&#x627;&#x637;&#x64A; </subfield>
    <subfield code="e">&#x645;&#x634;&#x631;&#x641; &#x623;&#x637;&#x631;&#x648;&#x62D;&#x629;.</subfield>
  </datafield>
  <datafield tag="900" ind1=" " ind2=" ">
    <subfield code="b">24-12-2024</subfield>
    <subfield code="c">&#x639;&#x644;&#x627;&#x645; &#x645;&#x62D;&#x645;&#x648;&#x62F; &#x639;&#x644;&#x627;&#x645; &#x645;&#x62D;&#x645;&#x62F;</subfield>
    <subfield code="c">&#x645;&#x631;&#x648;&#x64A; &#x639;&#x628;&#x62F; &#x627;&#x644;&#x639;&#x627;&#x637;&#x64A; </subfield>
    <subfield code="d">&#x623;&#x62D;&#x645;&#x62F; &#x633;&#x64A;&#x62F; &#x645;&#x631;&#x633;&#x64A;</subfield>
    <subfield code="d">&#x647;&#x646;&#x62F; &#x62E;&#x644;&#x641; &#x645;&#x631;&#x633;&#x64A; </subfield>
    <subfield code="U">&#x62C;&#x627;&#x645;&#x639;&#x629; &#x627;&#x644;&#x642;&#x627;&#x647;&#x631;&#x629;</subfield>
    <subfield code="F">&#x643;&#x644;&#x64A;&#x629; &#x627;&#x644;&#x62A;&#x631;&#x628;&#x64A;&#x629; &#x627;&#x644;&#x646;&#x648;&#x639;&#x64A;&#x629;                         </subfield>
    <subfield code="D">&#x642;&#x633;&#x645; &#x627;&#x644;&#x62A;&#x631;&#x628;&#x64A;&#x629; &#x627;&#x644;&#x641;&#x646;&#x64A;&#x629;</subfield>
  </datafield>
  <datafield tag="905" ind1=" " ind2=" ">
    <subfield code="a">Sara</subfield>
    <subfield code="e">Afaf</subfield>
  </datafield>
  <datafield tag="942" ind1=" " ind2=" ">
    <subfield code="2">ddc</subfield>
    <subfield code="c">TH</subfield>
    <subfield code="e">21</subfield>
    <subfield code="n">0</subfield>
  </datafield>
  <datafield tag="999" ind1=" " ind2=" ">
    <subfield code="c">180127</subfield>
  </datafield>
  <datafield tag="952" ind1=" " ind2=" ">
    <subfield code="2">ddc</subfield>
    <subfield code="9">318035</subfield>
    <subfield code="a">CUCL</subfield>
    <subfield code="b">cl210</subfield>
    <subfield code="d">2026-05-13</subfield>
    <subfield code="i">33208</subfield>
    <subfield code="o">Cai01.25.01.M.Sc.2024.&#x634;&#x627;.&#x625;</subfield>
    <subfield code="p">01010100033208000</subfield>
    <subfield code="r">2026-05-13 11:37:00</subfield>
    <subfield code="w">2026-05-13</subfield>
    <subfield code="y">TH</subfield>
  </datafield>
</record>
